00607nam a2200193Ia 4500008004100000020001300041082001700054100002600071245003500097250000800132260004100140300003000181500001900211600002700230650001500257942000700272952011900279999001500398240925s9999 xx 000 0 und d a70445338 a621.3848 SKO aSkolnik ,I. Merrill 0aIntroduction to Radar Systems  a3rd aNew Delhi:bTata McGraw Hillc,2001. axxiii,821p.bNAfOriginal aIncludes Index aElectronic Engineering aTechnology cBK 001040708ELaUITUbUITUd2007-01-16eF.B.Cg590.00l0o621.3848 SKOpQ6810r2024-09-25 07:14:22w2024-09-25yBK c9309d9309